[Event "Oberfranken-ch Q 0607"]
[Site "Schney"]
[Date "2007.01.03"]
[Round "4"]
[White "Ritter, Hans Juergen"]
[Black "Hoffmann, Joerg"]
[Result "1-0"]
[WhiteElo "1181"]
[BlackElo "1654"]
[PlyCount "59"]
[EventDate "2007.01.02"]
[EventType "swiss"]
[EventRounds "6"]
[EventCountry "GER"]
[SourceTitle "EXT 2015"]
[Source "ChessBase"]
[SourceDate "2014.11.20"]
[SourceVersion "1"]
[SourceVersionDate "2014.11.20"]
[SourceQuality "1"]

1. d4 b6 2. e3 Bb7 3. Nf3 e6 4. Bd3 Nf6 5. Nbd2 c5 6. c3 Nc6 7. b3 Qc7 8. 0-0 Be7 9. Bb2 a5 10. c4 d5 11. cxd5 exd5 12. Bb5 0-0 13. dxc5 bxc5 14. a3 Rfd8 15. Rc1 Qb6 16. Qe2 Rac8 17. e4 Nxe4 18. Bxc6 Bxc6 19. a4 f5 20. Ne5 Bxa4 21. Nxe4 fxe4 22. bxa4 Bf6 23. Qb5 Qd6 24. Qxa5 Bxe5 25. Bxe5 Qxe5 26. Rxc5 Ra8 27. Qb5 Qd6 28. Rd1 d4 29. Qc4+ Kf8 30. Rf5+ 1-0